Entre la lógica y el derecho : paradojas y conflictos normativos /

Contiene: Introducción; El cálculo deóntico convencional; Las paradojas de la lógica deóntica; Soluciones a las paradojas deónticas; Conflictos normativos; Conflictos en el ámbito jurídico; Lógica deóntica y conflictos normaticos

-д хадгалсан:
Номзүйн дэлгэрэнгүй
Үндсэн зохиолч: Ausín, Txetxu (autor)
Формат: Ном
Хэл сонгох:испани
Хэвлэсэн: Barcelona, España : Plaza y Valdés, 2005, c2005
Цуврал:(Theoria cum Praxi. Studia ; 1)
Нөхцлүүд:
Шошгууд: Шошго нэмэх
Шошго байхгүй, Энэхүү баримтыг шошголох эхний хүн болох!

MARC

LEADER 00000nam^a2200000^a^4500
001 000187638
005 20250521000000.0
009 20260310102310.409
020 |a 970-722-427-4 
037 |a Acervo ITESO - Biblioteca 
041 |a ESP 
082 |a 340. 1  |b AUS 
100 |a Ausín, Txetxu  |e (autor) 
245 1 0 |a Entre la lógica y el derecho :  |b paradojas y conflictos normativos /  |c T. Ausín ; pról. de Concha Roldán. 
264 4 |a Barcelona, España :  |b Plaza y Valdés,  |c 2005, c2005 
300 |a 280 p. 
336 |a texto  |b txt  |2 rdacontenido 
337 |a sin mediación  |b n  |2 rdamedio 
338 |a volumen  |b nc  |2 rdasoporte 
440 1 |a (Theoria cum Praxi.  |p Studia ;  |v 1) 
520 |a Contiene: Introducción; El cálculo deóntico convencional; Las paradojas de la lógica deóntica; Soluciones a las paradojas deónticas; Conflictos normativos; Conflictos en el ámbito jurídico; Lógica deóntica y conflictos normaticos 
649 |a XX 
650 |a Lógica 
650 |a Deber 
650 |a Argumentación 
650 |a Axiomas 
650 |a Lenguaje Jurídico 
650 |a Semántica 
650 |a Semiótica 
650 |a Lingüística 
650 |a Etica Jurídica 
650 |a Etica Social 
650 |a Derecho -  |x Filosofía 
910 |a Fondo General 
920 |a Impresos - Libros 
930 |a Colección General 
905 |a 101 
901 |a 0500130077  |b IT1  |c ACC  |u 20250521 
902 |a https://opac.biblio.iteso.mx/vufind/Record/000187638